جريمة استغلال المعلومات الداخلية للشركات المساهمة : (Record no. 23292)
[ view plain ]
| 000 -الفاتح | |
|---|---|
| حقل البيانات ثابتة الطول | 02139nam a22003615a 4500 |
| 003 - محدد رقم الضبط | |
| رقم الضبط | EG-ScBUE |
| 005 - وقت وتاريخ اخر تعامل مع التسجيلة | |
| رقم الضبط | 20211028103810.0 |
| 008 - عناصر البيانات ثابتة الطول - معلومات عامة | |
| حقل البيانات ثابتة الطول | 161123s2013 ua f b 000 0 ara d |
| 017 ## - رقم الإيداع القانونى | |
| رقم الإيداع القانونى | 2012 / 14349 |
| 020 ## - الرقم الدولى المعيارى للكتب | |
| الرقم الدولى المعيارى للكتاب | 9775245923 |
| 040 ## - مصدر الفهرسة | |
| وكالة الفهرسة الأصلية | EG-ScBUE |
| لغة الفهرسة | ara |
| قواعد الوصف | rda |
| وكالة النسخ | EG-ScBUE |
| وكالة التعديل | EG-ScBUE |
| 082 04 - رقم تصنيف ديوى العشرى | |
| رقم التصنيف | 346.07 |
| رقم المادة | ح ج ا |
| رقم الطبعة | 22 |
| 100 1# - المدخل الرئيسى - إسم شخصى | |
| الإسم الشخصى | حجاب، عصام، |
| الدور | مؤلف. |
| 245 10 - بيان العنوان | |
| العنوان | جريمة استغلال المعلومات الداخلية للشركات المساهمة : |
| بقية العنوان | دراسة مقارنة في ضوء تشريعات أسواق رأس المال وأحكام المحاكم والفقه في مصر وفرنسا / |
| بيان المسئوليه,etc | دكتور عصام حجاب، محام ومستشار قانوني، خبير بأسواق المال، دكتوراه في القانون الجنائي من كلية الحقوق - جامعة الإسكندرية. |
| 246 34 - العنوان الموازى | |
| عنوان صحيح/عنوان مختصر | جريمة استغلال المعلومات الداخلية للشركات المساهمة : |
| بقية العنوان | دراسة مقارنة في ضوء تشريعات أسواق رأس المال وأحكام القضاء وتعليق الفقه في مصر وفرنسا |
| 250 ## - بيان الطبعة | |
| بيان الطبعة | الطبعة الثانية، |
| بقية بيان الطبعة | مزيدة ومنقحة. |
| 264 #1 - النشر، التوزيع | |
| مكان الناشر او الموزع | الإسكندرية : |
| اسم الناشر او الموزع | دار الفتح للطباعة والنشر ؛ |
| مكان الناشر او الموزع | القاهرة : |
| اسم الناشر او الموزع | توزيع دار النهضة العربية، |
| تاريخ النشر أو التوزيع | 2013. |
| 300 ## - الوصف المادى | |
| التعداد | 544 صفحة ؛ |
| أبعاد الوعاء | 24 سم |
| 336 ## - نوع المحتوى | |
| source | rdacontent |
| Carrier Type Term | نص |
| Content Type Code | txt |
| 337 ## - نوع الوسيط | |
| source | rdamedia |
| Media Type Term | بدون وسيط |
| Media Type Code | n |
| 338 ## - نوع الحامل أو الناقل | |
| source | rdacarrier |
| Carrier Type Term | مجلد |
| Carrier Type Code | nc |
| 500 ## - تبصرة عامة | |
| تبصرة عامة | يشتمل على ملاحق. |
| 500 ## - تبصرة عامة | |
| تبصرة عامة | في الأصل (دكتوراه) - جامعة الإسكندرية - كلية الحقوق - 2013. |
| 504 ## - تبصرة ببليوجرافية | |
| تبصرة ببليوجرافية,الخ | يشتمل على إرجاعات ببليوجرافية. |
| 541 ## - تبصرة المصدر المباشر للتزويد | |
| طريقة التزويد | إهداء. |
| 650 #7 - المدخل الاضافى بالموضوع-مصطلح موضوعى | |
| مصطلح موضوعي أو اسم جغرافي كعنصر مدخل | الأوراق المالية |
| التقسيم الفرعي العام | قوانين وتشريعات. |
| مصدر الرأس أو المصطلح | BUEsh |
| 650 #7 - المدخل الاضافى بالموضوع-مصطلح موضوعى | |
| مصطلح موضوعي أو اسم جغرافي كعنصر مدخل | الشركات المساهمة |
| التقسيم الفرعي العام | قوانين وتشريعات. |
| مصدر الرأس أو المصطلح | BUEsh |
| 9 (RLIN) | 41149 |
| 650 #7 - المدخل الاضافى بالموضوع-مصطلح موضوعى | |
| مصطلح موضوعي أو اسم جغرافي كعنصر مدخل | البورصات |
| التقسيم الفرعي العام | قوانين وتشريعات. |
| مصدر الرأس أو المصطلح | BUEsh |
| 9 (RLIN) | 41197 |
| 651 ## - المدخل الاضافى بالموضوع - اسم جغرافى | |
| مصدر الرأس أو المصطلح | BUEsh |
| 653 ## - مصطلح تكشيفى غير مقيد | |
| Resource For college | Law |
| Arrived date list | November2016 |
| 655 ## - مصطلح تكشيفى-نوع/شكل | |
| التقسيم الفرعي الشكلي | Reading book |
| -- | 34232 |
| 942 ## - عناصر المدخل الإضافي( كوها) | |
| مصدر التصنيف او مخطط الترفيف | Dewey Decimal Classification |
| حالة التراجع | حالة الفقد | مصدر التصنيف او خطة الترفيف | حالة تلف | ليس للاعارة | مجموعات كوها | المكان الدائم | المكان الحالي | موقع الترفيف | تاريخ الاكتساب | Source of acquisition | سعر الشراء الطبيعي | تعداد مسلسل / التسلسل الزمني | رقم الاستدعاء | الباركود | Date last seen | التكلفة | نوع الوعاء |
|---|---|---|---|---|---|---|---|---|---|---|---|---|---|---|---|---|---|
| Dewey Decimal Classification | دار النهضة العربية | Central Library | Central Library | First floor | 23/11/2016 | Purchase | 115.00 | 2815 | 346.07 ح ج ا | 000034967 | 15/07/2025 | 143.75 | Book - Borrowing | ||||
| Dewey Decimal Classification | دار النهضة العربية | Central Library | Central Library | First floor | 23/11/2016 | Purchase | 115.00 | 2815 | 346.07 ح ج ا | 000034966 | 15/07/2025 | 143.75 | Book - Borrowing | ||||
| Dewey Decimal Classification | Donation-Gift | Central Library | Central Library | First floor | 28/10/2021 | Donation | 346.07 ح ج ا | 000050903 | 15/07/2025 | NB - Book (Non borrowing) | |||||||
| Dewey Decimal Classification | Donation-Gift | Central Library | Central Library | First floor | 01/11/2021 | Donation | 346.07 ح ج ا | 000050921 | 15/07/2025 | NB - Book (Non borrowing) |